Diccionario ilustrado mapudungun español inglés

Bewaard in:
Bibliografische gegevens
Hoofdauteurs: Hernández Sallés, Arturo (Auteur), Ramos Pizarro, Nelly (Auteur), Cárcamo Luna, Carlos (Auteur)
Formaat: Boek
Taal:Araukaans
Engels
Spaans
Gepubliceerd in: Santiago Pehuén 1998
Editie:2a. ed
Onderwerpen:
Tags: Voeg label toe
Geen labels, Wees de eerste die dit record labelt!

MARC

LEADER 00000nam a2200000 a 4500
001 UCH5408
003 CL-VaPUC
008 091014e19980000CL |||||||||||||||||arn|d
020 |a 9561602490 
041 0 7 |a arn  |2 CL-VaPUC 
041 0 7 |a eng  |2 CL-VaPUC 
041 0 7 |a spa  |2 CL-VaPUC 
082 0 4 |a 498.361  |b HER  |2 21 
100 |a Hernández Sallés, Arturo  |e author  |9 541683 
700 0 |a Ramos Pizarro, Nelly  |e author  |9 541684 
700 0 |a Cárcamo Luna, Carlos  |e author  |9 541685 
245 1 0 |a Diccionario ilustrado mapudungun español inglés 
250 |a 2a. ed 
300 |a 130 p 
942 |c BK 
945 |d 20091014 00:00:00  |a lazolas 
260 |a Santiago  |b Pehuén  |c 1998 
650 7 |a MAPUDUNGUN  |2 CL-VaPUC  |9 414435 
650 0 |a Araucano  |9 311869 
650 0 |a Diccionarios  |9 256200 
583 |a last modification  |c 20091014 00:00:00  |k Rodrigo Vera 
999 |c 336551  |d 336549